| 000 | 00735cam a2200229 a 4500 | ||
|---|---|---|---|
| 020 | _a0773472665 (v. 38) | ||
| 020 | _a088946099X (SAH series) | ||
| 040 | _cDLC | ||
| 082 | 0 | 0 |
_a977 EMP 2002 C152 Or. _aB |
| 100 | 1 | _aBoman, Dennis K | |
| 245 | 1 | 0 | _aAbiel Leonard, Yankee slaveholder, eminent jurist, and passionate Unionist / |
| 260 |
_aLewiston, N.Y. : _bE. Mellen Press, _cc2002 |
||
| 300 |
_avi, 259 p., [9] leaves of plates : _bcol. ill. ; _c24 cm |
||
| 490 | 1 | _aStudies in American history ; | |
| 650 | 0 | _aLegislators | |
| 650 | 0 | _aJudges | |
| 650 | 0 | _aLawyers | |
| 650 | 0 | _aLandowners | |
| 650 | 0 | _aUnionists (United States Civil War) | |
| 856 | 4 | 1 | _uhttp://www.loc.gov/catdir/toc/fy032/2001044474.html |
| 942 | _cAEDBB | ||
| 999 |
_c18750 _d18750 |
||